| 000 | 00577nam a22001937a 4500 | ||
|---|---|---|---|
| 003 | OSt | ||
| 005 | 20260120085716.0 | ||
| 008 | 260120b |||||||| |||| 00| 0 eng d | ||
| 020 | _a 0-70-293588-x | ||
| 040 |
_aDWC-Main lib _cOC |
||
| 082 | _aCirc. 658.4 O12m 2006 | ||
| 100 | _aO,Brien, James | ||
| 245 |
_aManagement information System/ _cJames O,Brien |
||
| 260 |
_aN.Y : _bMcgraw-Hill, _c c2006. |
||
| 300 |
_axxxi, 592 pages : _b illustrations ; _c 27cm. |
||
| 504 | _aIncludes index | ||
| 650 | _a1. Management information System | ||
| 942 |
_2ddc _cBK-CIRC _kCirc. _n0 |
||
| 999 |
_c7603 _d7603 |
||